000 00424cam a2200169ua 4500
020 _a0-02-313346-6
041 _aeng
_h
082 _a631.4
_bBRA/NA
100 _aBrady, Nyle C .
245 _aNature and properties of soils /
_cNyle C Brady.
_hTextual Documents
250 _a9 /
_b.
260 _aNew York :
_bMcMillan Publishing Co ,
_c1984.
300 _a750 ; .
504 _a
942 _cBK
999 _c5447
_d5447